The Suite Life of Zach and Cody - Statistics

General Stats
  • This quiz has been taken 46 times
  • The average score is 6 of 15
Answer Stats
Question Answer % Correct
An abacus What was Cody’s graduation present from his father?
75%
Pick 1 1
50%
True Mosbey is good at mini golf
50%
Pride and Prejudice What book does Maddie bet London and her friends can’t read?
50%
Nougat What is the punchline of Mosbey’s funniest story?
50%
A vase Whats does Mosbey save in nearly ever episode?
50%
Sweet thang What’s Zack’s nickname for Maddie
50%
A spelling bee Where did Cody and Barbra first meet
50%
A telephone booth How do Zack and Cody travel to a different dimension?
25%
Triangle One of the two instruments Zack is assigned in the school orchestra
25%
A dance class/competition What does Esteban do to raise money for his sister’s quinceanera?
25%
A mermaid What does Lance dump London for?
25%
We don’t know Why does Esteban love dancing?
25%
5 feet How tall is Arwin’s mother?
0%
Mosbey’s finger Where’s Carey’s engagement ring?
0%
No matching quizzes found
Score Distribution
Percent of People with Each Score
Percentile by Number Answered
Your Score History
You have not taken this quiz